[Event "Calvia Amateur op 11th"]
[Site "Calvia"]
[Date "2014.10.11"]
[Round "8"]
[White "Veras Sanz, Jose Antonio"]
[Black "Hardwick, A William"]
[Result "1/2-1/2"]
[WhiteElo "1667"]
[BlackElo "1451"]
[PlyCount "61"]
[EventDate "2014.10.04"]
[EventType "swiss"]
[EventRounds "9"]
[EventCountry "ESP"]
[SourceTitle "EXT 2015"]
[Source "ChessBase"]
[SourceDate "2014.11.20"]
[SourceVersion "1"]
[SourceVersionDate "2014.11.20"]
[SourceQuality "1"]

1. e4 c6 2. d4 d5 3. exd5 cxd5 4. c4 Nf6 5. Nc3 e6 6. Nf3 Bb4 7. Bg5 0-0 8. a3 Bxc3+ 9. bxc3 Nbd7 10. Bd2 Ne4 11. Bd3 Nxd2 12. Qxd2 Nf6 13. 0-0 Re8 14. Rfe1 Qc7 15. cxd5 Nxd5 16. Qc2 Nf6 17. Rac1 b6 18. h3 Bb7 19. Ne5 Re7 20. Re3 g6 21. Be2 Rd8 22. Rg3 Ne4 23. Re3 f5 24. Bf3 Qd6 25. Bxe4 fxe4 26. Qa4 b5 27. Qb4 Qxb4 28. axb4 Rf8 29. f3 exf3 30. Nxf3 Bd5 31. Ne5 1/2-1/2

[Event "Calvia Amateur op 10th"]
[Site "Calvia"]
[Date "2013.10.06"]
[Round "2"]
[White "Veras Sanz, Jose Antonio"]
[Black "Petrescu, Georgian Dorin"]
[Result "1/2-1/2"]
[WhiteElo "1685"]
[BlackElo "2184"]
[PlyCount "60"]
[EventDate "2013.10.05"]
[EventType "swiss"]
[EventRounds "9"]
[EventCountry "ESP"]
[SourceTitle "EXT 2014"]
[Source "ChessBase"]
[SourceDate "2013.11.20"]
[SourceVersion "1"]
[SourceVersionDate "2013.11.20"]
[SourceQuality "1"]

1. e4 g6 2. d4 Bg7 3. Be3 d6 4. Nc3 Nc6 5. Bb5 a6 6. Bxc6+ bxc6 7. Nge2 Rb8 8. Rb1 Nf6 9. f3 0-0 10. 0-0 Re8 11. Qd2 e5 12. dxe5 Rxe5 13. Bf4 Re8 14. e5 Nh5 15. Bg5 f6 16. exf6 Bxf6 17. Bxf6 Qxf6 18. Ne4 Qe5 19. Qc3 d5 20. Qxe5 Rxe5 21. N4c3 c5 22. g4 Nf6 23. Ng3 d4 24. Nce4 Nxe4 25. Nxe4 Bb7 26. Nf6+ Kf7 27. Nd7 Rbe8 28. Nxe5+ Rxe5 29. f4 Re2 30. Rf2 Re3 1/2-1/2

[Event "Alcudia Belleuve"]
[Site "Alcudia"]
[Date "2012.10.19"]
[Round "6.29"]
[White "Veras Sanz, Jose Antonio"]
[Black "Hidalgo Maireles, Juan Carlos"]
[Result "0-1"]
[WhiteElo "1712"]
[BlackElo "1811"]
[PlyCount "54"]
[EventDate "2012.10.14"]
[EventType "swiss"]
[EventRounds "9"]
[EventCountry "ESP"]
[SourceTitle "EXT 2024"]
[Source "ChessBase"]
[SourceDate "2023.10.10"]
[SourceVersion "1"]
[SourceVersionDate "2023.10.10"]
[SourceQuality "1"]

1. e4 e6 2. d4 d5 3. Nd2 dxe4 4. Nxe4 Nd7 5. Nf3 Ngf6 6. Bd3 Be7 7. Nxf6+ Nxf6 8. 0-0 0-0 9. Be3 b6 10. c3 Bb7 11. Nd2 Rc8 12. Qe2 c5 13. Ba6 Qd5 14. Bxb7 Qxb7 15. Qf3 Qxf3 16. Nxf3 Nd5 17. Rac1 h6 18. Bd2 Rfd8 19. Rfd1 Bf6 20. dxc5 Rxc5 21. b4 Rc4 22. Be1 Rdc8 23. Nd2 Rxc3 24. Rxc3 Bxc3 25. Rc1 Rc7 26. Nf3 Bxe1 27. Rxc7 Bxf2+ 0-1

[Event "Alcudia Belleuve"]
[Site "Alcudia"]
[Date "2012.10.14"]
[Round "1.18"]
[White "Fiol Company, Juan"]
[Black "Veras Sanz, Jose Antonio"]
[Result "1-0"]
[WhiteElo "1934"]
[BlackElo "1712"]
[PlyCount "75"]
[EventDate "2012.10.14"]
[EventType "swiss"]
[EventRounds "9"]
[EventCountry "ESP"]
[SourceTitle "EXT 2024"]
[Source "ChessBase"]
[SourceDate "2023.10.10"]
[SourceVersion "1"]
[SourceVersionDate "2023.10.10"]
[SourceQuality "1"]

1. e4 c5 2. Nf3 Nc6 3. d4 cxd4 4. c3 d6 5. cxd4 Bg4 6. Be2 Nf6 7. Nc3 g6 8. 0-0 Bg7 9. h3 Bxf3 10. Bxf3 0-0 11. Be3 Rc8 12. Qe2 Nd7 13. Rfd1 Qa5 14. a3 a6 15. b4 Qd8 16. b5 Nxd4 17. Bxd4 Bxd4 18. Rxd4 Rxc3 19. bxa6 Qb6 20. Qd2 Rxf3 21. gxf3 Ne5 22. Kg2 bxa6 23. Rb4 Qa7 24. Qd5 Qc7 25. Rab1 e6 26. Qd2 Rc8 27. Rb7 Qc3 28. Qxc3 Rxc3 29. R1b3 Rxb3 30. Rxb3 Nc4 31. a4 Kg7 32. Rd3 e5 33. Rc3 Na5 34. Rc7 Nb3 35. Rc6 Nc5 36. a5 f5 37. exf5 gxf5 38. Rxd6 1-0

[Event "Calvia Amateur op 7th"]
[Site "Calvia"]
[Date "2010.10.10"]
[Round "2"]
[White "Porfireanu, Serban"]
[Black "Veras Sanz, Jose Antonio"]
[Result "1-0"]
[WhiteElo "2024"]
[BlackElo "1715"]
[PlyCount "91"]
[EventDate "2010.10.09"]
[EventType "swiss"]
[EventRounds "9"]
[EventCountry "ESP"]
[SourceTitle "EXT 2011"]
[Source "ChessBase"]
[SourceDate "2010.11.26"]
[SourceVersion "1"]
[SourceVersionDate "2010.11.26"]
[SourceQuality "1"]

1. c4 e5 2. Nc3 Nf6 3. g3 Nc6 4. Bg2 Bb4 5. a3 Bxc3 6. bxc3 0-0 7. d3 d5 8. cxd5 Nxd5 9. Qc2 Be6 10. Nf3 f6 11. Rb1 Rb8 12. h4 Qd7 13. h5 Nde7 14. a4 a5 15. Nd2 Bd5 16. Nf3 b6 17. Ba3 Rfd8 18. h6 g6 19. e4 Be6 20. Rd1 Qe8 21. d4 exd4 22. cxd4 Bg4 23. Qc4+ Qf7 24. d5 Bxf3 25. Bxf3 Ne5 26. Qe2 Nxf3+ 27. Qxf3 Nc8 28. 0-0 Nd6 29. Rfe1 Nc4 30. Rc1 Ne5 31. Qc3 Qd7 32. f4 Ng4 33. Qxc7 Nxh6 34. Qxd7 Rxd7 35. Rc6 Kf7 36. Rb1 Re8 37. Rbxb6 Ng4 38. Re6 f5 39. exf5 gxf5 40. Rxe8 Kxe8 41. d6 Ne3 42. Rc6 Rg7 43. Kf2 Ng4+ 44. Kf3 Nh2+ 45. Kg2 Ng4 46. Rc8+ 1-0

[Event "San Sebastian op 33rd"]
[Site "San Sebastian"]
[Date "2010.04.02"]
[Round "7"]
[White "Severri Arrese, Carlos"]
[Black "Veras Sanz, Jose Antonio"]
[Result "1-0"]
[WhiteElo "1925"]
[BlackElo "1712"]
[PlyCount "105"]
[EventDate "2010.03.28"]
[EventType "swiss"]
[EventRounds "9"]
[EventCountry "ESP"]
[SourceTitle "CBM 135 Extra"]
[Source "ChessBase"]
[SourceDate "2010.05.04"]
[SourceVersion "1"]
[SourceVersionDate "2010.05.04"]
[SourceQuality "1"]

1. d4 d5 2. Nf3 Nf6 3. Bf4 g6 4. Nbd2 Bg7 5. c4 c6 6. e3 0-0 7. h3 Bf5 8. Qb3 Qb6 9. Rc1 Qxb3 10. axb3 Na6 11. cxd5 Nxd5 12. Be5 Ndb4 13. Bxg7 Kxg7 14. e4 Be6 15. Be2 Rac8 16. 0-0 f6 17. Rfd1 Nc7 18. Bc4 Bg8 19. Kf1 Rfd8 20. Bxg8 Kxg8 21. Ke2 Nb5 22. Ke3 Kg7 23. Rc4 Na6 24. Ra4 Nac7 25. g3 Ne6 26. Nb1 Nc5 27. Rc4 Nxb3 28. Rd3 Na5 29. Ra4 b6 30. Na3 Nxa3 31. Rdxa3 Rc7 32. Rc3 Rdc8 33. b4 Nb7 34. Rxa7 Nd6 35. Rxc7 Rxc7 36. Kd3 Nb5 37. Rc1 h6 38. Ke3 e6 39. g4 g5 40. h4 Kg6 41. hxg5 hxg5 42. Nd2 Na3 43. f4 Nb5 44. f5+ exf5 45. gxf5+ Kf7 46. Rh1 Kg7 47. Rg1 Nd6 48. Rc1 Re7 49. Kf3 g4+ 50. Kf4 g3 51. Rg1 Kh6 52. Rxg3 Rg7 53. Rh3# 1-0

[Event "San Sebastian op 33rd"]
[Site "San Sebastian"]
[Date "2010.04.01"]
[Round "5"]
[White "Veras Sanz, Jose Antonio"]
[Black "Lyons, Brendan"]
[Result "0-1"]
[WhiteElo "1712"]
[BlackElo "1952"]
[PlyCount "140"]
[EventDate "2010.03.28"]
[EventType "swiss"]
[EventRounds "9"]
[EventCountry "ESP"]
[SourceTitle "CBM 135 Extra"]
[Source "ChessBase"]
[SourceDate "2010.05.04"]
[SourceVersion "1"]
[SourceVersionDate "2010.05.04"]
[SourceQuality "1"]

1. e4 d5 2. exd5 Qxd5 3. Nc3 Qd6 4. d4 Nf6 5. Be3 a6 6. Nf3 Bg4 7. h3 Bh5 8. g4 Bg6 9. Bd3 Nc6 10. Bxg6 hxg6 11. Qd2 Nxg4 12. 0-0-0 Nf6 13. Bf4 Qd7 14. d5 Na7 15. Ne5 Qf5 16. Qe3 Nc8 17. Nc4 Rh4 18. Ne2 g5 19. Qc5 gxf4 20. Qxc7 Qd7 21. d6 exd6 22. Qa5 Qb5 23. Qc7 Qc6 24. Qxc6+ bxc6 25. Rhe1 g6 26. Nd4+ Kd7 27. Nf3 Rxh3 28. Nfe5+ Kc7 29. Nxf7 d5 30. Ng5 Rh8 31. Ne5 Bd6 32. Nxg6 Rg8 33. Ne6+ Kd7 34. Ngxf4 Re8 35. a3 Bxf4+ 36. Nxf4 Rxe1 37. Rxe1 Nd6 38. Nd3 a5 39. Nc5+ Kc7 40. Re7+ Kb6 41. Na4+ Kb5 42. Nc3+ Kc4 43. Re6 Nfe8 44. Kd2 Ra7 45. b3+ Kc5 46. Na4+ Kb5 47. Nc3+ Kb6 48. Na4+ Kc7 49. Nc5 Kd8 50. f4 Re7 51. f5 Rxe6 52. fxe6 Ke7 53. b4 axb4 54. axb4 Ne4+ 55. Nxe4 dxe4 56. Ke3 Nd6 57. c4 Nxc4+ 58. Kxe4 Kxe6 59. Kd4 Nd6 60. Kc5 Kd7 61. Kb6 Ne4 62. Kb7 Kd6 63. Kb6 Nc3 64. Ka5 Kd5 65. Kb6 Na2 66. b5 c5 67. Ka5 c4 68. b6 Kc6 69. Ka6 Nb4+ 70. Ka7 Kd7 0-1

[Event "San Sebastian op 33rd"]
[Site "San Sebastian"]
[Date "2010.03.29"]
[Round "2"]
[White "Acosta Garcia, Alfonso Carlos"]
[Black "Veras Sanz, Jose Antonio"]
[Result "1-0"]
[WhiteElo "2327"]
[BlackElo "1712"]
[PlyCount "51"]
[EventDate "2010.03.28"]
[EventType "swiss"]
[EventRounds "9"]
[EventCountry "ESP"]
[SourceTitle "CBM 135 Extra"]
[Source "ChessBase"]
[SourceDate "2010.05.04"]
[SourceVersion "1"]
[SourceVersionDate "2010.05.04"]
[SourceQuality "1"]

1. d4 d5 2. c4 c6 3. Nf3 Nf6 4. Nc3 g6 5. e3 Bg7 6. Bd3 0-0 7. 0-0 dxc4 8. Bxc4 Bg4 9. h3 Bxf3 10. Qxf3 Nbd7 11. Rd1 Qc7 12. Bb3 e6 13. e4 Ne8 14. Bf4 Qb6 15. Be3 Qc7 16. Rac1 a6 17. d5 Ne5 18. Qe2 Qe7 19. f4 Nd7 20. dxc6 bxc6 21. Na4 Nd6 22. Qd3 Nf5 23. exf5 exf5 24. Rxc6 Rad8 25. Rd6 Rfe8 26. Bf2 1-0

[Event "San Sebastian op 18th"]
[Site "San Sebastian"]
[Date "2008.09.22"]
[Round "4"]
[White "Veras Sanz, Jose Antonio"]
[Black "Darrigues, Alain"]
[Result "1-0"]
[WhiteElo "1671"]
[BlackElo "2012"]
[PlyCount "85"]
[EventDate "2008.09.20"]
[EventType "swiss"]
[EventRounds "9"]
[EventCountry "ESP"]
[SourceTitle "CBM 126 Extra"]
[Source "ChessBase"]
[SourceDate "2008.11.05"]
[SourceVersion "1"]
[SourceVersionDate "2008.11.05"]
[SourceQuality "1"]

1. e4 c5 2. Nc3 Nc6 3. g3 g6 4. Bg2 Bg7 5. d3 e6 6. f4 d6 7. Nf3 Nge7 8. 0-0 0-0 9. Be3 Nd4 10. e5 Nef5 11. Bf2 dxe5 12. fxe5 Nxf3+ 13. Qxf3 Nd4 14. Qd1 Rb8 15. Ne4 Bxe5 16. c3 Nc6 17. Bxc5 Re8 18. d4 f5 19. dxe5 fxe4 20. Qxd8 Rxd8 21. Bd6 Ra8 22. Bxe4 Bd7 23. Rf6 Re8 24. Raf1 Rad8 25. Rf7 Bc8 26. Bxc6 bxc6 27. Rxa7 Rd7 28. Rxd7 Bxd7 29. a4 Bc8 30. b4 Ba6 31. Rf4 Bd3 32. c4 Ra8 33. a5 Kg7 34. Kf2 Bc2 35. Ke3 h5 36. h4 Bf5 37. Kd4 Kf7 38. Kc5 Ra6 39. Bc7 Ke8 40. Rd4 Bh3 41. Bb6 Bg2 42. Rd6 Ke7 43. b5 1-0

[Event "San Sebastian Udaberriko op"]
[Site "San Sebastian"]
[Date "2007.05.12"]
[Round "2"]
[White "Mujika Lizaso, Josu"]
[Black "Veras Sanz, Jose Antonio"]
[Result "0-1"]
[WhiteElo "1990"]
[BlackElo "1692"]
[PlyCount "90"]
[EventDate "2007.05.05"]
[EventType "swiss"]
[EventRounds "7"]
[EventCountry "ESP"]
[SourceTitle "EXT 2008"]
[Source "ChessBase"]
[SourceDate "2007.11.25"]
[SourceVersion "1"]
[SourceVersionDate "2007.11.25"]
[SourceQuality "1"]

1. e4 d6 2. d4 Nf6 3. Nc3 g6 4. Bd3 Bg7 5. Nge2 0-0 6. Ng3 Nc6 7. Be2 e5 8. d5 Ne7 9. Be3 c6 10. Qd2 cxd5 11. exd5 Nf5 12. Nxf5 Bxf5 13. f3 a6 14. g4 Bxg4 15. fxg4 Nxg4 16. Bg5 Nf6 17. Rf1 b5 18. Qe3 b4 19. Bxf6 Bxf6 20. Ne4 Bg7 21. 0-0-0 Qh4 22. Kb1 Rfd8 23. Nf2 f5 24. Qg3 Qf6 25. Ne4 Qe7 26. Ng5 Qf6 27. Ne6 e4 28. Nxg7 Kxg7 29. h4 a5 30. Qg5 Qxg5 31. hxg5 Rac8 32. Rh1 Rh8 33. Rh6 f4 34. Bg4 Rcf8 35. Rf1 f3 36. Kc1 Rf4 37. Be6 e3 38. Rhh1 h6 39. gxh6+ Rxh6 40. Rxh6 Kxh6 41. Rh1+ Kg7 42. Kd1 Rd4+ 43. Ke1 Rd2 44. Rh3 f2+ 45. Kf1 Rd1+ 0-1

[Event "San Sebastian Udaberriko op"]
[Site "San Sebastian"]
[Date "2007.05.05"]
[Round "1"]
[White "Veras Sanz, Jose Antonio"]
[Black "Riesco Lecuona, Juan Manuel"]
[Result "1-0"]
[WhiteElo "1692"]
[BlackElo "1964"]
[PlyCount "53"]
[EventDate "2007.05.05"]
[EventType "swiss"]
[EventRounds "7"]
[EventCountry "ESP"]
[SourceTitle "EXT 2008"]
[Source "ChessBase"]
[SourceDate "2007.11.25"]
[SourceVersion "1"]
[SourceVersionDate "2007.11.25"]
[SourceQuality "1"]

1. e4 e5 2. Nf3 Nc6 3. d4 exd4 4. Nxd4 Bc5 5. Nxc6 Qf6 6. Qf3 Qxf3 7. gxf3 dxc6 8. Be3 Bxe3 9. fxe3 Be6 10. Nd2 Ne7 11. Bc4 Bxc4 12. Nxc4 Ng6 13. Rd1 a5 14. Kf2 Ke7 15. f4 b5 16. Nd2 a4 17. c4 b4 18. Rhg1 Rad8 19. Nf3 Rxd1 20. Rxd1 f6 21. Nd4 Kd6 22. b3 axb3 23. axb3 Kc5 24. Ne6+ Kb6 25. Rd7 Ra8 26. c5+ Kb5 27. Nxc7+ 1-0

[Event "San Sebastian op 30th"]
[Site "San Sebastian"]
[Date "2007.04.07"]
[Round "8"]
[White "Veras Sanz, Jose Antonio"]
[Black "Cantabrana Garona, Alejandro"]
[Result "0-1"]
[WhiteElo "1692"]
[BlackElo "1853"]
[PlyCount "38"]
[EventDate "2007.04.01"]
[EventType "swiss"]
[EventRounds "9"]
[EventCountry "ESP"]
[SourceTitle "CBM 117 Extra"]
[Source "ChessBase"]
[SourceDate "2007.05.09"]
[SourceVersion "1"]
[SourceVersionDate "2007.05.09"]
[SourceQuality "1"]

1. e4 c5 2. Nc3 e6 3. Nf3 a6 4. d4 cxd4 5. Nxd4 Qc7 6. Bd3 b5 7. a3 Bb7 8. 0-0 Nf6 9. Re1 Nc6 10. Nxc6 Qxc6 11. f3 Bd6 12. Kh1 h5 13. e5 Ng4 14. Ne4 Bxe5 15. fxg4 hxg4 16. Re2 Rxh2+ 17. Kg1 0-0-0 18. Qf1 Rdh8 19. Qxf7 g3 0-1

[Event "San Sebastian op 30th"]
[Site "San Sebastian"]
[Date "2007.04.01"]
[Round "1"]
[White "Veras Sanz, Jose Antonio"]
[Black "Rodriguez Gonzalez, Alex"]
[Result "1/2-1/2"]
[WhiteElo "1692"]
[BlackElo "2091"]
[PlyCount "63"]
[EventDate "2007.04.01"]
[EventType "swiss"]
[EventRounds "9"]
[EventCountry "ESP"]
[SourceTitle "CBM 117 Extra"]
[Source "ChessBase"]
[SourceDate "2007.05.09"]
[SourceVersion "1"]
[SourceVersionDate "2007.05.09"]
[SourceQuality "1"]

1. e4 d6 2. d4 Nf6 3. Nc3 g6 4. Be3 c6 5. f3 Nbd7 6. Qd2 b5 7. 0-0-0 Nb6 8. Bh6 Bxh6 9. Qxh6 Qc7 10. g4 Bb7 11. Nh3 0-0-0 12. Ng5 Rdf8 13. Be2 b4 14. Nb1 Na4 15. Bc4 d5 16. Bb3 Qf4+ 17. Nd2 Nc3 18. bxc3 bxc3 19. Nxf7 cxd2+ 20. Kb1 Qxh6 21. Nxh6 dxe4 22. Rxd2 e3 23. Re2 Nd5 24. Bxd5 cxd5 25. Rxe3 Kd7 26. Rhe1 Re8 27. Nf7 Rhf8 28. Ng5 h6 29. Ne6 Rf7 30. Nc5+ Kc7 31. Nxb7 Kxb7 32. Rb3+ 1/2-1/2

[Event "San Sebastian Gros op 16th"]
[Site "San Sebastian"]
[Date "2006.09.21"]
[Round "1"]
[White "Argandona Riveiro, Inigo"]
[Black "Veras Sanz, Jose Antonio"]
[Result "1-0"]
[WhiteElo "2366"]
[BlackElo "1663"]
[PlyCount "43"]
[EventDate "2006.09.21"]
[EventType "swiss"]
[EventRounds "9"]
[EventCountry "ESP"]
[SourceTitle "CBM 114 Extra"]
[Source "ChessBase"]
[SourceDate "2006.11.03"]
[SourceVersion "1"]
[SourceVersionDate "2006.11.03"]
[SourceQuality "1"]

1. Nf3 Nf6 2. c4 e6 3. g3 d5 4. Bg2 g6 5. 0-0 Bg7 6. d4 0-0 7. Nc3 dxc4 8. e4 c5 9. dxc5 Qxd1 10. Rxd1 Nfd7 11. Bf4 Na6 12. Bd6 Re8 13. Na4 Bf8 14. Bxf8 Kxf8 15. c6 Nb6 16. Nxb6 axb6 17. cxb7 Bxb7 18. Ne5 b5 19. a4 bxa4 20. Rxa4 Nc5 21. Rxc4 Rac8 22. Rxc5 1-0